Mapping alternative expressions of blackness in Cinema a horizontal labyrinth of transgeographical practices of identity

Saved in:
Bibliografiske detaljer
Hovedforfatter: Ébanda de B'béri, Boulou
Format: Bog
Sprog:engelsk
Udgivet: Pia Thielman & Eckhard Breitinger 2006
Tags: Tilføj Tag
Ingen Tags, Vær først til at tagge denne postø!

MARC

LEADER 00000nam a22000007a 4500
008 211122b ||||| |||| 00| 0 eng d
020 |a 39275101963 
100 |a Ébanda de B'béri, Boulou, 
245 |a Mapping alternative expressions of blackness in Cinema  |b a horizontal labyrinth of transgeographical practices of identity  |c Boulou Ebanda de B'béri  |e Bayreuth African Studies series  |f  80  |g xx, 231p. 
260 |b Pia Thielman & Eckhard Breitinger  |c 2006  |h Bayreuth  |i 651185  |l PN 1995. 9 .N4B34  |m Blacks in motion pictures  |m African Americans in motion pictures  |m Identity (psychology) in motion pictures 
942 |a lcc  |c BK  |e Adeyeye Y. S.  |f 22/11/21 
952 |0 0  |1 0  |2 lcc  |4 0  |6 PN19959 N4 B34  |7 0  |9 3894  |a HOL  |b HOL  |c LP  |d 2021-11-22  |l 0  |o PN 1995 .9 .N4B34  |p 2021-67619  |r 2021-11-22 00:00:00  |w 2021-11-22  |y BK 
999 |c 1945  |d 1945